<?xml version="1.0" encoding="UTF-8"?>
<collection xmlns="http://www.loc.gov/MARC21/slim">
 <record>
  <leader>01269nam a2200193 a 4500</leader>
  <controlfield tag="008">090517s1992    bg a          100 0 eng d</controlfield>
  <datafield tag="082" ind1="0" ind2="0">
   <subfield code="a">630.925492</subfield>
   <subfield code="2">20</subfield>
  </datafield>
  <datafield tag="111" ind1="2" ind2=" ">
   <subfield code="a">The Workshop held at the Bangladesh Rice Research Institute.</subfield>
  </datafield>
  <datafield tag="245" ind1="1" ind2="0">
   <subfield code="a">Reducing Small Farmer Vulnerability in Bangladesh :</subfield>
   <subfield code="b">proceedings of the workshop held at the Bangladesh Rice Research Institute ,Joydebpur,Gazipur District, Bangladesh ,30-31May 1992.</subfield>
  </datafield>
  <datafield tag="260" ind1=" " ind2=" ">
   <subfield code="a">Gazipur,BAN. : </subfield>
   <subfield code="b">Bangladesh Rice Research Institute</subfield>
   <subfield code="c">1992</subfield>
  </datafield>
  <datafield tag="300" ind1=" " ind2=" ">
   <subfield code="a">144 p. : ill. ; 23 cm.</subfield>
  </datafield>
  <datafield tag="541" ind1="1" ind2=" ">
   <subfield code="e">00006496</subfield>
  </datafield>
  <datafield tag="650" ind1="0" ind2=" ">
   <subfield code="a">Farmers </subfield>
   <subfield code="x"> Bangladesh</subfield>
  </datafield>
  <datafield tag="710" ind1="2" ind2=" ">
   <subfield code="a">Bangladesh Rice Research Institute.</subfield>
   <subfield code="c">Bangladesh</subfield>
  </datafield>
  <datafield tag="852" ind1="4" ind2=" ">
   <subfield code="a">Ayesha Abed Library</subfield>
   <subfield code="j">Generalshelf</subfield>
  </datafield>
  <datafield tag="999" ind1=" " ind2=" ">
   <subfield code="c">748</subfield>
   <subfield code="d">748</subfield>
  </datafield>
  <datafield tag="952" ind1=" " ind2=" ">
   <subfield code="0">0</subfield>
   <subfield code="1">0</subfield>
   <subfield code="2">ddc</subfield>
   <subfield code="4">0</subfield>
   <subfield code="6">630_925492000000000_RED_1992</subfield>
   <subfield code="7">0</subfield>
   <subfield code="9">690</subfield>
   <subfield code="a">BRACUL</subfield>
   <subfield code="b">BRACUL</subfield>
   <subfield code="c">GEN</subfield>
   <subfield code="d">2009-05-17</subfield>
   <subfield code="g">0.00</subfield>
   <subfield code="l">0</subfield>
   <subfield code="o">630.925492 RED</subfield>
   <subfield code="p">3010006496</subfield>
   <subfield code="r">2009-05-17</subfield>
   <subfield code="t">1</subfield>
   <subfield code="w">2009-05-17</subfield>
   <subfield code="y">BK</subfield>
   <subfield code="x">No price found in the accession register.</subfield>
  </datafield>
  <datafield tag="952" ind1=" " ind2=" ">
   <subfield code="0">0</subfield>
   <subfield code="1">0</subfield>
   <subfield code="2">ddc</subfield>
   <subfield code="4">0</subfield>
   <subfield code="6">630_925492000000000_RED_1992</subfield>
   <subfield code="7">0</subfield>
   <subfield code="9">9071</subfield>
   <subfield code="a">BRACUL</subfield>
   <subfield code="b">BRACUL</subfield>
   <subfield code="c">GEN</subfield>
   <subfield code="d">2010-04-07</subfield>
   <subfield code="g">0.00</subfield>
   <subfield code="l">0</subfield>
   <subfield code="o">630.925492 RED</subfield>
   <subfield code="p">3010004741</subfield>
   <subfield code="r">2010-04-07</subfield>
   <subfield code="t">2</subfield>
   <subfield code="w">2010-04-07</subfield>
   <subfield code="y">BK</subfield>
   <subfield code="z">Not price in Register</subfield>
  </datafield>
  <datafield tag="952" ind1=" " ind2=" ">
   <subfield code="0">0</subfield>
   <subfield code="1">0</subfield>
   <subfield code="2">ddc</subfield>
   <subfield code="4">0</subfield>
   <subfield code="6">630_925492000000000_RED_1992</subfield>
   <subfield code="7">0</subfield>
   <subfield code="9">11345</subfield>
   <subfield code="a">BRACUL</subfield>
   <subfield code="b">BRACUL</subfield>
   <subfield code="c">GEN</subfield>
   <subfield code="d">2010-06-29</subfield>
   <subfield code="l">0</subfield>
   <subfield code="o">630.925492 RED</subfield>
   <subfield code="p">3010011620</subfield>
   <subfield code="r">2010-06-29</subfield>
   <subfield code="t">3</subfield>
   <subfield code="w">2010-06-29</subfield>
   <subfield code="y">BK</subfield>
  </datafield>
 </record>
</collection>
